000 00314nam a2200145Ia 4500
100 _aStubbs. Daniel/ Weber/A.H
942 _cBK
654 _aData structures
245 _aData structures
260 _bBrooks/cole Pub Co
_c1987
082 _a5.73
_bSTU/WEB
300 _a556
546 _aENGLISH
999 _c32126
_d32126